LDR 01232naa#a2200253#i#450# 001 RU\\bibl\126536 005 20260701075101.3 011 ## _a2074-9414 100 ## _a20260630b2026####ek#y0rusy0150####ca 101 0# _aRUS 102 ## _aRU 200 1# _aЦелевые и нецелевые методы оценки качества рыбного сырья: обзор на примере радужной форели _eЖурнальная статья 210 1# _aКемерово _cКемеровский государственный университет _d2026 215 ## _a16 с. 608 ## _aЖурнальная статья _2local 675 ## _aСельское хозяйство. Лесное хозяйство. Охота. Рыбное хозяйство. 63 _zRUS 700 #1 _aКутузов _gМихаил Николаевич 700 #1 _aБелова _gМария Алексеевна 700 #1 _aНовиченко _gОльга Викторовна 700 #1 _aНикитин _gИгорь Алексеевич 700 #1 _aЗаруал _gХишам 700 #1 _aВишняков _gВладислав Сергеевич 700 #1 _aВилкова _gДарья Дмитриевна 856 4# _avestnik-pses.kemsu.ru _u